Štruktúra výsledku hospodárenia z pohľadu vykazovaných informácií v účtovnej závierke poisťovne diplomová práca

Saved in:
Bibliographic Details
Main Author: Leščinská, Veronika
Corporate Author: Fakulta hospodárskej informatiky EU. Katedra účtovníctva a audítorstva
Other Authors: Meluchová, Jitka, 1965-
Format: Book
Language:Slovak
Published: Bratislava 2013
Tags: Add Tag
No Tags, Be the first to tag this record!

MARC

LEADER 00000nbm a2200000 4500
001 0171510
005 20161109102437.4
041 0 |a slo 
044 |a SK 
245 1 0 |a Štruktúra výsledku hospodárenia z pohľadu vykazovaných informácií v účtovnej závierke poisťovne  |b diplomová práca  |c Veronika Leščinská ; školiteľ: Jitka Meluchová 
264 1 |a Bratislava  |c 2013 
300 |a 72 s. 
100 1 |a Leščinská, Veronika 
700 1 |a Meluchová, Jitka, 1965- 
710 2 |a Fakulta hospodárskej informatiky EU. Katedra účtovníctva a audítorstva